Historia del franquismo / (Record no. 148889)

MARC details
000 -LEADER
campo de control de longitud fija 00778nam a2200241 4500
001 - NÚMERO DE CONTROL
campo de control 148889
003 - IDENTIFICADOR DE NÚMERO DE CONTROL
campo de control ES-MaACL
007 - CAMPO FIJO DE DESCRIPCIÓN FÍSICA--INFORMACIÓN GENERAL
campo de control de longitud fija t|
008 - DATOS DE LONGITUD FIJA--INFORMACIÓN GENERAL
campo de control de longitud fija 070214s1985 sp r ||||1| spa d
100 1# - ENTRADA PRINCIPAL--NOMBRE DE PERSONA
Nombre de persona Sueiro, Daniel.
9 (RLIN) 108725
245 10 - MENCIÓN DEL TÍTULO
Título Historia del franquismo /
Mención de responsabilidad, etc. Daniel Sueiro, Bernardo Díaz Nosty.
250 ## - MENCION DE EDICION
Mención de edición 1ª. ed.
260 ## - PUBLICACIÓN, DISTRIBUCIÓN, ETC.
Lugar de publicación, distribución, etc. Barcelona :
Nombre del editor, distribuidor, etc. Argos Vergara,
Fecha de publicación, distribución, etc. 1985.
300 ## - DESCRIPCIÓN FÍSICA
Extensión 2 v. ;
Dimensiones 22 cm.
490 1# - MENCIÓN DE SERIE
Mención de serie Primera plana ;
Designación de volumen o secuencia 64, 65
505 8# - NOTA DE CONTENIDO CON FORMATO
Nota de contenido con formato Contiene: Vol. I. Un imperio en ruinas. Vol. II. Las corrupciones del poder
700 1# - ENTRADA AGREGADA--NOMBRE PERSONAL
Nombre de persona Díaz Nosty, Bernardo.
9 (RLIN) 44372
740 0# - ENTRADA AGREGADA--TÍTULO RELACIONADO/ANALÍTICO NO CONTROLADO
Título relacionado o analítico no controlado Un imperio en ruinas.
740 0# - ENTRADA AGREGADA--TÍTULO RELACIONADO/ANALÍTICO NO CONTROLADO
Título relacionado o analítico no controlado Las corrupciones del poder.
830 0# - PUNTO DE ACCESO ADICIONAL DE SERIE-TÍTULO UNIFORME
Título uniforme Primera plana ;
Designación de volumen o secuencia 64, 65
9 (RLIN) 180521
852 ## - LOCALIZACIÓN
Ubicación ES-MaACL
Número de control de estantería L-7764-5
Sublocalización o colección R.108399
Holdings
Estatus retirado Estado de pérdida Estado de daño No para préstamo Biblioteca de origen Biblioteca actual Ubicación en estantería Fecha de adquisición Fuente de adquisición Total de préstamos Signatura topográfica completa Código de barras Visto por última vez Precio de reemplazo Tipo de ítem Koha
        Biblioteca del Ateneo de Madrid Biblioteca del Ateneo de Madrid Depósito 2 17/01/2008     L-7764-5 1155373 23/02/2023 23/02/2023 Libro impreso